[Event "DEN-chT 0910 48th"]
[Site "Denmark"]
[Date "2010.03.14"]
[Round "9.4"]
[White "Hansen, Evgenia"]
[Black "Baekgaard, Martin"]
[Result "1/2-1/2"]
[WhiteElo "2164"]
[BlackElo "2287"]
[PlyCount "88"]
[EventDate "2009.11.07"]
[EventType "team-tourn"]
[EventRounds "9"]
[EventCountry "DEN"]
[SourceTitle "EXT 2023"]
[Source "ChessBase"]
[SourceDate "2022.10.05"]
[SourceVersion "1"]
[SourceVersionDate "2022.10.05"]
[SourceQuality "1"]
[WhiteTeam "Naestved"]
[BlackTeam "Jetsmark"]
[WhiteTeamCountry "DEN"]
[BlackTeamCountry "DEN"]

1. c4 c6 2. g3 d5 3. Nf3 Nf6 4. Bg2 dxc4 5. a4 g6 6. Na3 Bg7 7. Nxc4 0-0 8. 0-0 Na6 9. d3 Re8 10. Bd2 Nd5 11. Rc1 e5 12. Qc2 Qe7 13. Ng5 Ndb4 14. Qb3 h6 15. Ne4 Be6 16. Qa3 Rad8 17. Be3 b6 18. a5 Bxc4 19. Rxc4 c5 20. axb6 axb6 21. Rcc1 Qe6 22. Nc3 Nc7 23. Qa4 f5 24. Nb5 Ncd5 25. Bd2 Qd7 26. Bxb4 Nxb4 27. Qb3+ Kh7 28. Nc3 Qe6 29. Qxe6 Rxe6 30. Ra1 Rd7 31. Rfd1 Re8 32. h4 Red8 33. Bf3 h5 34. Rdc1 Bh6 35. Rd1 Kg7 36. Kg2 Nc2 37. Bc6 Rc7 38. Ra8 Rxa8 39. Bxa8 Ra7 40. Bd5 Kf8 41. Kf1 Bg7 42. e3 Bf6 43. Ke2 Nb4 44. Bc4 Kg7 1/2-1/2

[Event "DEN-chT 0910 48th"]
[Site "Denmark"]
[Date "2010.01.10"]
[Round "5.4"]
[White "Hansen, Evgenia"]
[Black "Jacobsen, Bo"]
[Result "0-1"]
[WhiteElo "2164"]
[BlackElo "2306"]
[PlyCount "68"]
[EventDate "2009.11.07"]
[EventType "team-tourn"]
[EventRounds "9"]
[EventCountry "DEN"]
[SourceTitle "EXT 2023"]
[Source "ChessBase"]
[SourceDate "2022.10.05"]
[SourceVersion "1"]
[SourceVersionDate "2022.10.05"]
[SourceQuality "1"]
[WhiteTeam "Naestved"]
[BlackTeam "Aarhus/Skolerne"]
[WhiteTeamCountry "DEN"]
[BlackTeamCountry "DEN"]

1. d4 d6 2. e4 g6 3. Nc3 c6 4. a4 Nd7 5. g3 e5 6. Nge2 h5 7. h3 h4 8. g4 f5 9. gxf5 gxf5 10. f4 Ngf6 11. exf5 e4 12. d5 c5 13. Rg1 Qe7 14. Rg5 Nh5 15. Be3 Ndf6 16. a5 Ng7 17. b4 Nxf5 18. Rxf5 Bxf5 19. bxc5 dxc5 20. Nb5 Qd7 21. Nec3 Bxh3 22. Bc4 Bg4 23. Qd2 h3 24. Bg1 0-0-0 25. Nxa7+ Kb8 26. Nab5 Bf3 27. Bh2 Ng4 28. a6 e3 29. f5+ Bd6 30. Bxd6+ Qxd6 31. a7+ Ka8 32. Nxd6 exd2+ 33. Kxd2 Rxd6 34. Nb5 Rd7 0-1

[Event "Olympiad Women-38"]
[Site "Dresden"]
[Date "2008.11.25"]
[Round "11"]
[White "Matoussi, Amina"]
[Black "Hansen, Evgenia"]
[Result "0-1"]
[WhiteElo "1761"]
[BlackElo "2169"]
[PlyCount "88"]
[EventDate "2008.11.13"]
[EventType "team-swiss"]
[EventRounds "11"]
[EventCountry "GER"]
[SourceTitle "CBM 128"]
[Source "ChessBase"]
[SourceDate "2009.01.28"]
[SourceVersion "1"]
[SourceVersionDate "2009.01.28"]
[SourceQuality "1"]
[WhiteTeam "Tunisia (W)"]
[BlackTeam "Denmark (W)"]
[WhiteTeamCountry "TUN"]
[BlackTeamCountry "DEN"]

1. e4 d6 2. d4 Nf6 3. Nc3 e5 4. dxe5 dxe5 5. Qxd8+ Kxd8 6. Bg5 Be6 7. 0-0-0+ Nbd7 8. Nf3 Kc8 9. Bxf6 gxf6 10. Nh4 c6 11. Nf5 Kc7 12. f3 a5 13. a4 Bb4 14. Nb1 Rhg8 15. h4 Rad8 16. Nd2 Nb6 17. b3 Ba3+ 18. Kb1 Rd7 19. g4 Rgd8 20. Bd3 Bb4 21. Kc1 Bxd2+ 22. Rxd2 Bxb3 23. cxb3 Rxd3 24. Rhd1 Rc3+ 25. Kb2 Rxd2+ 26. Rxd2 Rxf3 27. Nd6 Rf4 28. g5 f5 29. Nxf7 fxe4 30. Nxe5 Nd5 31. g6 hxg6 32. Nxg6 Rf5 33. Kc1 Kd6 34. Kd1 Kc5 35. Rh2 Rh5 36. Kd2 Kd4 37. Rg2 e3+ 38. Kc2 Nb4+ 39. Kb2 Nd3+ 40. Kb1 Kc3 41. Re2 Kd4 42. Kc2 Rc5+ 43. Kb1 Rc1+ 44. Ka2 Rg1 0-1

[Event "Olympiad Women-38"]
[Site "Dresden"]
[Date "2008.11.20"]
[Round "7"]
[White "Lujan, Carolina"]
[Black "Hansen, Evgenia"]
[Result "1-0"]
[WhiteElo "2366"]
[BlackElo "2169"]
[PlyCount "167"]
[EventDate "2008.11.13"]
[EventType "team-swiss"]
[EventRounds "11"]
[EventCountry "GER"]
[SourceTitle "CBM 128"]
[Source "ChessBase"]
[SourceDate "2009.01.28"]
[SourceVersion "1"]
[SourceVersionDate "2009.01.28"]
[SourceQuality "1"]
[WhiteTeam "Argentina (W)"]
[BlackTeam "Denmark (W)"]
[WhiteTeamCountry "ARG"]
[BlackTeamCountry "DEN"]

1. e4 e5 2. Nf3 Nc6 3. Bc4 Bc5 4. c3 Nf6 5. d3 a6 6. Nbd2 Ba7 7. Bb3 0-0 8. h3 d5 9. Qe2 dxe4 10. dxe4 Qe7 11. Nf1 Be6 12. Ng3 Na5 13. Bxe6 Qxe6 14. b3 Rfe8 15. 0-0 b5 16. Nf5 Qc6 17. Re1 Nb7 18. Ba3 Nc5 19. Bxc5 Bxc5 20. a4 Rab8 21. axb5 axb5 22. b4 Bf8 23. Qe3 Ra8 24. Rxa8 Qxa8 25. Qg5 Nxe4 26. Nh6+ Kh8 27. Nxf7+ Kg8 28. Nh6+ Kh8 29. Nf7+ Kg8 30. Qf5 Nf6 31. N7xe5 Qd5 32. Qb1 Bd6 33. Rd1 Qe6 34. Re1 Qd5 35. Rd1 Qe6 36. Nd3 Qc4 37. Qc2 Nd5 38. Rc1 Bf4 39. Nxf4 Nxf4 40. Nd4 g6 41. Qd2 Rf8 42. Ra1 Qd5 43. Qa2 c6 44. Nxc6 Qxa2 45. Rxa2 Nd5 46. Ra7 Re8 47. g3 Nxc3 48. Ne7+ Kf8 49. Nc6 Kg8 50. Rc7 Nd5 51. Rd7 Nc3 52. Kg2 Re4 53. Rd4 Rxd4 54. Nxd4 Nd5 55. Nc2 Kf7 56. Kf3 Ke6 57. Ke4 Kd6 58. Kd4 h6 59. f4 h5 60. Ke4 Nf6+ 61. Kd4 Nd5 62. Ke4 Nf6+ 63. Kd3 Nd5 64. Ke4 Nf6+ 65. Kd4 Nd5 66. h4 Ne7 67. Ke4 Nd5 68. f5 gxf5+ 69. Kxf5 Nc3 70. Kg5 Ne2 71. Kxh5 Nxg3+ 72. Kg4 Ne4 73. Kf4 Kd5 74. Ne3+ Kd4 75. Nf5+ Kd5 76. Ne7+ Kd4 77. h5 Nf6 78. h6 Nh7 79. Kf5 Nf8 80. Ng6 Nh7 81. Ne5 Nf8 82. Kf6 Ke4 83. Nf7 Kd5 84. Kg7 1-0

[Event "Olympiad Women-38"]
[Site "Dresden"]
[Date "2008.11.19"]
[Round "6"]
[White "Hansen, Evgenia"]
[Black "Skripchenko, Almira"]
[Result "0-1"]
[WhiteElo "2169"]
[BlackElo "2455"]
[PlyCount "86"]
[EventDate "2008.11.13"]
[EventType "team-swiss"]
[EventRounds "11"]
[EventCountry "GER"]
[SourceTitle "CBM 128"]
[Source "ChessBase"]
[SourceDate "2009.01.28"]
[SourceVersion "1"]
[SourceVersionDate "2009.01.28"]
[SourceQuality "1"]
[WhiteTeam "Denmark (W)"]
[BlackTeam "France (W)"]
[WhiteTeamCountry "DEN"]
[BlackTeamCountry "FRA"]

1. d4 d6 2. Nf3 Nf6 3. g3 Nbd7 4. Bg2 e5 5. dxe5 dxe5 6. 0-0 Bc5 7. Nc3 c6 8. Bg5 Qc7 9. Qd2 h6 10. Be3 Bb4 11. Qd3 0-0 12. Rad1 Ng4 13. a3 Nxe3 14. Qxe3 Be7 15. Qe4 Rb8 16. e3 Kh8 17. Qf5 g6 18. Qe4 f5 19. Qc4 Nc5 20. b4 Be6 21. Qe2 Nd7 22. Na4 a5 23. c3 b5 24. Nb2 c5 25. Rc1 Rfc8 26. Qd2 e4 27. Nh4 Kg7 28. Bh3 Ne5 29. f4 Bxh4 30. fxe5 Be7 31. bxa5 c4 32. Ra1 Rd8 33. Qe2 h5 34. a4 b4 35. Rfc1 Rdc8 36. Bf1 Qxe5 37. Nd1 Qxa5 38. cxb4 Bxb4 39. Rab1 c3 40. Qc2 Kh7 41. Bb5 Ba3 42. Nxc3 Bxc1 43. Rxc1 Rc7 0-1

[Event "Olympiad Women-38"]
[Site "Dresden"]
[Date "2008.11.17"]
[Round "5"]
[White "Rapport, Jovana"]
[Black "Hansen, Evgenia"]
[Result "1/2-1/2"]
[WhiteElo "2332"]
[BlackElo "2169"]
[PlyCount "75"]
[EventDate "2008.11.13"]
[EventType "team-swiss"]
[EventRounds "11"]
[EventCountry "GER"]
[SourceTitle "CBM 128"]
[Source "ChessBase"]
[SourceDate "2009.01.28"]
[SourceVersion "1"]
[SourceVersionDate "2009.01.28"]
[SourceQuality "1"]
[WhiteTeam "Montenegro (W)"]
[BlackTeam "Denmark (W)"]
[WhiteTeamCountry "MNE"]
[BlackTeamCountry "DEN"]

1. d4 d5 2. c4 e6 3. Nc3 Nf6 4. cxd5 exd5 5. Bg5 Be7 6. e3 c6 7. Bd3 Nbd7 8. Nge2 Nf8 9. Qc2 h6 10. Bh4 Bg4 11. f3 Bh5 12. Bxf6 Bxf6 13. Nf4 Bg6 14. Nxg6 Nxg6 15. Bxg6 fxg6 16. Qxg6+ Kd7 17. Qf5+ Ke7 18. 0-0 Rf8 19. Qd3 Kf7 20. Kh1 Kg8 21. Rad1 Qb6 22. b3 Rad8 23. Ne2 Rfe8 24. e4 dxe4 25. fxe4 Kh8 26. Qe3 Rd6 27. Qg3 Qd8 28. Qe3 c5 29. d5 Rxd5 30. Rxd5 Qxd5 31. Rxf6 Qd1+ 32. Ng1 gxf6 33. Qxh6+ Kg8 34. Qg6+ Kf8 35. Qxf6+ Kg8 36. Qg6+ Kf8 37. Qf6+ Kg8 38. Qg6+ 1/2-1/2

[Event "Olympiad Women-36"]
[Site "Mallorca"]
[Date "2004.10.27"]
[Round "12.1"]
[White "Mira, Helene"]
[Black "Hansen, Evgenia"]
[Result "1/2-1/2"]
[WhiteElo "2158"]
[BlackElo "2165"]
[PlyCount "94"]
[EventDate "2004.10.15"]
[EventType "team-swiss"]
[EventRounds "14"]
[EventCountry "ESP"]
[SourceTitle "CBM 102 Extra"]
[Source "ChessBase"]
[SourceDate "2004.11.03"]
[SourceVersion "1"]
[SourceVersionDate "2004.11.03"]
[SourceQuality "1"]
[WhiteTeam "Austria (W)"]
[BlackTeam "Denmark (W)"]
[WhiteTeamCountry "AUT"]
[BlackTeamCountry "DEN"]

1. d4 g6 2. c4 Bg7 3. e4 d6 4. Be2 c5 5. d5 e6 6. Nf3 exd5 7. cxd5 a6 8. 0-0 Bg4 9. a4 Nd7 10. Nfd2 Bxe2 11. Qxe2 Qe7 12. Re1 Ngf6 13. Nc4 Ne5 14. Nba3 Nxc4 15. Nxc4 Nd7 16. Bf4 Ne5 17. Bxe5 Bxe5 18. Nxe5 Qxe5 19. Ra3 0-0 20. Rb3 Rab8 21. Rb6 Rfe8 22. Qe3 f5 23. f3 fxe4 24. Qxe4 Qf6 25. Qxe8+ Rxe8 26. Rxe8+ Kf7 27. Re4 Qg5 28. Rxb7+ Kf8 29. h4 Qxd5 30. Ree7 Qd4+ 31. Kf1 Qc4+ 32. Kg1 Qd4+ 33. Kf1 Qc4+ 34. Re2 Qxh4 35. Re4 Qh1+ 36. Kf2 Qh6 37. Kg3 Qg5+ 38. Rg4 Qe5+ 39. f4 Qe1+ 40. Kh2 h5 41. Rg3 Qe4 42. Ra7 Qxf4 43. Kh3 Qf5+ 44. Kh2 Qe5 45. Kh3 Qf5+ 46. Kh2 Qe5 47. Kh3 Qf5+ 1/2-1/2

[Event "Olympiad Women-36"]
[Site "Mallorca"]
[Date "2004.10.26"]
[Round "11.1"]
[White "Hansen, Evgenia"]
[Black "Hamid, Rani"]
[Result "1-0"]
[WhiteElo "2165"]
[BlackElo "2164"]
[PlyCount "103"]
[EventDate "2004.10.15"]
[EventType "team-swiss"]
[EventRounds "14"]
[EventCountry "ESP"]
[SourceTitle "CBM 102 Extra"]
[Source "ChessBase"]
[SourceDate "2004.11.03"]
[SourceVersion "1"]
[SourceVersionDate "2004.11.03"]
[SourceQuality "1"]
[WhiteTeam "Denmark (W)"]
[BlackTeam "Bangladesh (W)"]
[WhiteTeamCountry "DEN"]
[BlackTeamCountry "BAN"]

1. Nf3 Nf6 2. c4 c5 3. g3 b6 4. Bg2 Bb7 5. b3 e6 6. Bb2 Be7 7. 0-0 0-0 8. d3 d5 9. e3 Nbd7 10. Qe2 Re8 11. Nc3 a6 12. Ne1 Qc7 13. f4 dxc4 14. bxc4 Bxg2 15. Nxg2 Qc6 16. g4 Red8 17. g5 Ne8 18. Rf3 b5 19. Rh3 Nf8 20. Nh4 Nd6 21. Rf1 b4 22. Nd1 Nf5 23. Nf2 Qa4 24. Ba1 b3 25. Qb2 f6 26. axb3 Qc6 27. Ng4 Nxh4 28. gxf6 gxf6 29. Rxh4 e5 30. Nh6+ Kg7 31. fxe5 Nd7 32. Nf5+ Kf8 33. Nxe7 Kxe7 34. exf6+ Kd6 35. e4 Rg8+ 36. Kf2 Raf8 37. Rf4 Kc7 38. Ke1 Rg5 39. Rf5 Rg4 40. Qd2 Re8 41. R5f4 Rg6 42. f7 Rf8 43. Bc3 Qe6 44. Rf5 Rg4 45. Qe3 Qe7 46. Qh3 Rh4 47. Qg3+ Kb7 48. Bg7 Rd8 49. f8Q Rxe4+ 50. dxe4 Qxe4+ 51. Kf2 Nxf8 52. Rxf8 1-0

[Event "Olympiad Women-36"]
[Site "Mallorca"]
[Date "2004.10.22"]
[Round "7.1"]
[White "Bakalarz, Grazyna"]
[Black "Hansen, Evgenia"]
[Result "1/2-1/2"]
[WhiteElo "2035"]
[BlackElo "2165"]
[PlyCount "87"]
[EventDate "2004.10.15"]
[EventType "team-swiss"]
[EventRounds "14"]
[EventCountry "ESP"]
[SourceTitle "CBM 102 Extra"]
[Source "ChessBase"]
[SourceDate "2004.11.03"]
[SourceVersion "1"]
[SourceVersionDate "2004.11.03"]
[SourceQuality "1"]
[WhiteTeam "Luxembourg (W)"]
[BlackTeam "Denmark (W)"]
[WhiteTeamCountry "LUX"]
[BlackTeamCountry "DEN"]

1. d4 c5 2. d5 e6 3. Nc3 d6 4. e4 a6 5. a4 exd5 6. exd5 Ne7 7. Bd3 Ng6 8. Nf3 Be7 9. 0-0 Bg4 10. h3 Bxf3 11. Qxf3 Nd7 12. Qd1 0-0 13. a5 Qc7 14. Re1 Bf6 15. Ne4 Be5 16. c3 c4 17. Bf1 Rfc8 18. Be3 b5 19. g3 f5 20. Ng5 Ndf8 21. Bb6 Qd7 22. f4 Bf6 23. Ne6 Rab8 24. Bg2 Kh8 25. Bd4 Qf7 26. Bxf6 Qxf6 27. Qd4 Qf7 28. Re2 h6 29. Rae1 Rb7 30. Qd2 Nd7 31. Bf3 Ngf8 32. Qc2 Nc5 33. Nxc5 Rxc5 34. Re8 Kh7 35. g4 Ng6 36. gxf5 Nxf4 37. f6+ Nd3 38. Be4+ g6 39. Bxd3 cxd3 40. Qxd3 Qxf6 41. Qe3 Rf7 42. Re7 Rc7 43. Rxc7 Rxc7 44. Rf1 1/2-1/2

[Event "Olympiad Women-36"]
[Site "Mallorca"]
[Date "2004.10.19"]
[Round "5.1"]
[White "Hansen, Evgenia"]
[Black "Boric, Elena"]
[Result "0-1"]
[WhiteElo "2165"]
[BlackElo "2252"]
[PlyCount "104"]
[EventDate "2004.10.15"]
[EventType "team-swiss"]
[EventRounds "14"]
[EventCountry "ESP"]
[SourceTitle "CBM 102 Extra"]
[Source "ChessBase"]
[SourceDate "2004.11.03"]
[SourceVersion "1"]
[SourceVersionDate "2004.11.03"]
[SourceQuality "1"]
[WhiteTeam "Denmark (W)"]
[BlackTeam "Bosnia&Herzegovina (W)"]
[WhiteTeamCountry "DEN"]
[BlackTeamCountry "BIH"]

1. c4 f5 2. Nc3 Nf6 3. g3 g6 4. Bg2 Bg7 5. d3 d6 6. e3 e5 7. Nge2 c6 8. 0-0 0-0 9. Qb3 Kh8 10. Bd2 Na6 11. Rad1 Nc5 12. Qc2 Ne6 13. b4 Nh5 14. f4 g5 15. b5 Bd7 16. a4 gxf4 17. exf4 Qe8 18. Rde1 Qg6 19. Kh1 Rg8 20. Bf3 Rae8 21. Nd1 exf4 22. gxf4 Nd4 23. Nxd4 Rxe1 24. Bxe1 Bxd4 25. Bf2 Bxf2 26. Qxf2 Rg7 27. Qxa7 Ng3+ 28. hxg3 Qxg3 29. Qb8+ Rg8 30. Qxg8+ Qxg8 31. Rg1 Qf8 32. Rg5 Qh6+ 33. Kg2 Qh4 34. Nf2 Qxf4 35. Rg3 Qd2 36. Bh5 f4 37. Rf3 d5 38. cxd5 cxd5 39. Bf7 Bg4 40. Bxd5 Bxf3+ 41. Bxf3 b6 42. Be4 Kg7 43. Kf1 Qe3 44. Nd1 Qd2 45. Nf2 h5 46. Nh3 Kf6 47. Ng1 Qd1+ 48. Kf2 Qxa4 49. Bc6 Qd4+ 50. Kg2 Qxd3 51. Nf3 Qd2+ 52. Kh3 Qf2 0-1

[Event "Olympiad Women-36"]
[Site "Mallorca"]
[Date "2004.10.15"]
[Round "1.1"]
[White "Hansen, Evgenia"]
[Black "Socko, Monika"]
[Result "1-0"]
[WhiteElo "2165"]
[BlackElo "2439"]
[PlyCount "85"]
[EventDate "2004.10.15"]
[EventType "team-swiss"]
[EventRounds "14"]
[EventCountry "ESP"]
[SourceTitle "CBM 102 Extra"]
[Source "ChessBase"]
[SourceDate "2004.11.03"]
[SourceVersion "1"]
[SourceVersionDate "2004.11.03"]
[SourceQuality "1"]
[WhiteTeam "Denmark (W)"]
[BlackTeam "Poland (W)"]
[WhiteTeamCountry "DEN"]
[BlackTeamCountry "POL"]

1. Nf3 g6 2. g3 Bg7 3. Bg2 e5 4. d3 d5 5. 0-0 Ne7 6. c4 c6 7. e3 0-0 8. Qe2 h6 9. Rd1 Be6 10. Nc3 Nd7 11. cxd5 cxd5 12. d4 e4 13. Nd2 Rc8 14. f3 f5 15. Nb3 Nc6 16. Bd2 Re8 17. f4 Bf8 18. Na4 Nb6 19. Nac5 Rc7 20. Rac1 Bc8 21. Na5 Nxa5 22. Bxa5 Qd6 23. Bf1 Rg7 24. Qb5 Nd7 25. Bb4 a6 26. Qa4 Qf6 27. Qb3 Nxc5 28. dxc5 Qf7 29. Rxd5 Be6 30. Bc4 b5 31. cxb6 Bxb4 32. Rd8 Kh7 33. Rxe8 Qxe8 34. Qxb4 Qc8 35. Qc3 g5 36. Bxe6 Qxe6 37. Qe5 Qxb6 38. Qxf5+ Rg6 39. Qxe4 gxf4 40. Qxf4 Qxb2 41. Rc7+ Rg7 42. Qf5+ Kh8 43. Qf8+ 1-0

[Event "Nordic-ch (Women)"]
[Site "Stockholm"]
[Date "2003.08.10"]
[Round "9"]
[White "Hansen, Evgenia"]
[Black "Johansson, Viktoria"]
[Result "0-1"]
[WhiteElo "2185"]
[BlackElo "2167"]
[PlyCount "98"]
[EventDate "2003.08.02"]
[EventType "swiss"]
[EventRounds "9"]
[EventCountry "SWE"]
[SourceTitle "CBM 095 Extra"]
[Source "ChessBase"]
[SourceDate "2003.09.04"]
[SourceVersion "1"]
[SourceVersionDate "2003.09.04"]
[SourceQuality "1"]

1. Nf3 Nf6 2. g3 g6 3. b3 Bg7 4. Bb2 0-0 5. Bg2 d6 6. d4 Nbd7 7. 0-0 c6 8. Qc1 Qc7 9. Nbd2 Re8 10. a4 Nf8 11. Nc4 Rb8 12. Ne1 b6 13. Nd3 Bb7 14. e4 Nxe4 15. Bxe4 d5 16. Bxd5 cxd5 17. Nce5 Rbc8 18. c3 f6 19. Ng4 h5 20. Ne3 e5 21. Nb4 Qd7 22. Qd1 a5 23. Nbc2 Nh7 24. h4 Qh3 25. Qf3 e4 26. Qg2 Qd7 27. Na3 f5 28. Rfd1 Nf6 29. Qf1 Bh6 30. Nb5 Ba6 31. c4 f4 32. gxf4 Bxf4 33. Qg2 Kh7 34. Rac1 Bxe3 35. fxe3 Ng4 36. Re1 Rf8 37. Rc2 Bxb5 38. axb5 Rf3 39. Bc1 Qd6 40. c5 bxc5 41. dxc5 Qb8 42. Kh1 Qxb5 43. Qe2 Qb8 44. Qg2 Rg3 45. Qf1 Rf8 46. c6 Rxf1+ 47. Rxf1 Rh3+ 48. Kg1 Qg3+ 49. Rg2 Qxh4 0-1

[Event "Nordic-ch (Women)"]
[Site "Stockholm"]
[Date "2003.08.08"]
[Round "7"]
[White "Johnsen, Sylvia"]
[Black "Hansen, Evgenia"]
[Result "0-1"]
[WhiteElo "2102"]
[BlackElo "2185"]
[PlyCount "68"]
[EventDate "2003.08.02"]
[EventType "swiss"]
[EventRounds "9"]
[EventCountry "SWE"]
[SourceTitle "CBM 095 Extra"]
[Source "ChessBase"]
[SourceDate "2003.09.04"]
[SourceVersion "1"]
[SourceVersionDate "2003.09.04"]
[SourceQuality "1"]

1. e4 d6 2. d4 Nf6 3. Nc3 e5 4. Nf3 Nbd7 5. Bc4 Be7 6. 0-0 0-0 7. Re1 c6 8. a4 b6 9. d5 c5 10. Nd2 a6 11. Nf1 Ne8 12. Ng3 g6 13. Bh6 Ng7 14. f4 Bf6 15. Ra3 exf4 16. Bxf4 Be5 17. Nge2 Nh5 18. g3 Re8 19. Bc1 Bg7 20. Nf4 Nhf6 21. Ne6 Qe7 22. Nc7 Ne5 23. Nxe8 Nxc4 24. Nxf6+ Bxf6 25. Rb3 Bh3 26. Qe2 Bd4+ 27. Kh1 Qf6 28. Nd1 b5 29. axb5 axb5 30. Rxb5 h5 31. Bg5 Qxg5 32. c3 Bg4 33. Qf1 Nd2 34. h4 Nxf1 0-1

[Event "DEN-chT 0001"]
[Site "Denmark"]
[Date "2001.03.17"]
[Round "6"]
[White "Christensen, Thomas"]
[Black "Hansen, Evgenia"]
[Result "1-0"]
[WhiteElo "2221"]
[BlackElo "2185"]
[PlyCount "81"]
[EventDate "2000.??.??"]
[EventType "team"]
[EventRounds "7"]
[EventCountry "DEN"]
[SourceTitle "EXT 2002"]
[Source "ChessBase"]
[SourceDate "2001.11.25"]
[SourceVersion "1"]
[SourceVersionDate "2001.11.25"]
[SourceQuality "1"]
[WhiteTeam "Copenhagen 68"]
[BlackTeam "Copenhagen 34"]
[WhiteTeamCountry "DEN"]
[BlackTeamCountry "DEN"]

1. d4 Nf6 2. c4 c5 3. d5 e6 4. Nc3 exd5 5. cxd5 d6 6. e4 g6 7. Nf3 Bg7 8. h3 0-0 9. Bd3 a6 10. a4 Qe7 11. 0-0 Nbd7 12. Re1 h6 13. Bf4 Nh7 14. a5 Re8 15. Qc2 Nhf8 16. Bf1 g5 17. Bh2 Ng6 18. Na4 Nde5 19. Nd2 Bd7 20. Nb6 Rad8 21. g3 Bb5 22. f4 gxf4 23. gxf4 Nd7 24. Bxb5 axb5 25. Nxd7 Rxd7 26. Qb3 Qf6 27. Qxb5 Rde7 28. e5 dxe5 29. Ne4 Qh4 30. d6 exf4 31. dxe7 Bd4+ 32. Kh1 Rxe7 33. Qb3 Kg7 34. Qd5 Re5 35. Qd7 Re6 36. Qxb7 Qxh3 37. Nd2 Be3 38. Qg2 Qf5 39. a6 Kh7 40. Nf3 Qe4 41. a7 1-0

[Event "Olympiad Women-34"]
[Site "Istanbul"]
[Date "2000.11.04"]
[Round "7.2"]
[White "Hansen, Evgenia"]
[Black "Boric, Elena"]
[Result "1/2-1/2"]
[WhiteElo "2162"]
[BlackElo "2207"]
[PlyCount "65"]
[EventDate "2000.10.28"]
[EventType "team-swiss"]
[EventRounds "14"]
[EventCountry "TUR"]
[SourceTitle "EXT 2001"]
[Source "ChessBase"]
[SourceDate "2000.11.22"]
[SourceVersion "1"]
[SourceVersionDate "2000.11.22"]
[SourceQuality "1"]
[WhiteTeam "Denmark (W)"]
[BlackTeam "Bosnia&Herzegovina (W)"]
[WhiteTeamCountry "DEN"]
[BlackTeamCountry "BIH"]

1. c4 f5 2. g3 e5 3. Bg2 Nf6 4. e3 d6 5. Nc3 Be7 6. Nge2 0-0 7. d3 c6 8. 0-0 Kh8 9. f4 a5 10. b3 Na6 11. Ba3 Bd7 12. Qd2 Rb8 13. Nd1 d5 14. Bxe7 Qxe7 15. fxe5 Qxe5 16. Rc1 dxc4 17. bxc4 Rbe8 18. Nf4 g5 19. d4 Ne4 20. Qb2 Qg7 21. Nd3 Bc8 22. Ne5 Nac5 23. Qc2 Nd7 24. Bxe4 fxe4 25. Rxf8+ Qxf8 26. Nxd7 Bxd7 27. c5 Qf7 28. Qf2 Qg7 29. Nc3 Bh3 30. Qb2 Qf6 31. Qf2 Qg7 32. Qb2 Qf6 33. Qf2 1/2-1/2

[Event "DEN-chT 9899"]
[Site "Denmark"]
[Date "1999.03.21"]
[Round "7.8"]
[White "Hansen, Evgenia"]
[Black "Nielsen, Jan"]
[Result "1-0"]
[WhiteElo "2185"]
[BlackElo "2245"]
[PlyCount "171"]
[EventDate "1998.11.01"]
[EventType "team-tourn"]
[EventRounds "7"]
[EventCountry "DEN"]
[SourceTitle "EXT 2023"]
[Source "ChessBase"]
[SourceDate "2022.10.05"]
[SourceVersion "1"]
[SourceVersionDate "2022.10.05"]
[SourceQuality "1"]
[WhiteTeam "Nykobing Falster"]
[BlackTeam "Gistrup"]
[WhiteTeamCountry "DEN"]
[BlackTeamCountry "DEN"]

1. Nf3 d6 2. d4 c6 3. e4 g6 4. Bc4 Bg7 5. 0-0 h5 6. Re1 Bg4 7. c3 b5 8. Bb3 e6 9. a4 bxa4 10. Bxa4 Ne7 11. Bg5 0-0 12. Nbd2 Qc7 13. Bb3 Nc8 14. h3 Bxf3 15. Nxf3 d5 16. e5 Nd7 17. Bc2 c5 18. Qd2 Rb8 19. b3 cxd4 20. cxd4 Re8 21. Rac1 Qb6 22. Bh6 Qb4 23. Qf4 Qf8 24. Bxg7 Kxg7 25. g4 Qh8 26. Ng5 Rf8 27. Bd1 h4 28. Rc7 Ncb6 29. Rxa7 Rbc8 30. Be2 Qg8 31. Bb5 Rfd8 32. Re3 Ra8 33. Rc7 Rac8 34. Rec3 Rxc7 35. Rxc7 Qf8 36. Kg2 Qe7 37. Nf3 Rh8 38. Qc1 Rd8 39. Qc3 Kf8 40. Qa5 Ra8 41. Ra7 Rxa7 42. Qxa7 Qd8 43. Bxd7 Nxd7 44. Qa3+ Kg7 45. Qd6 Qc8 46. Nxh4 Nf8 47. Nf3 Qc2 48. b4 Nh7 49. Qe7 Qb1 50. Qc5 Qe4 51. Qc1 Qd3 52. Qd2 Qc4 53. Qb2 Qb5 54. Qc3 Qe2 55. Qc5 Qe4 56. Kg3 Qd3 57. h4 g5 58. h5 Qe4 59. Qc1 Qd3 60. Qd2 Qb3 61. Kg2 Kh6 62. Ng1 Nf8 63. Nh3 Nh7 64. f4 gxf4 65. Qxf4+ Kg7 66. Qd2 Qb1 67. Nf2 Qb3 68. Nd3 Qc4 69. Nc5 Qb5 70. g5 Qc4 71. g6 fxg6 72. Nxe6+ Kf7 73. hxg6+ Kxg6 74. Nf4+ Kg7 75. Qd3 Qa2+ 76. Kg3 Nf8 77. b5 Qa1 78. Kf2 Qh1 79. b6 Qa1 80. Ne2 Qb2 81. Qf3 Qxb6 82. Qxd5 Qg6 83. Qg2 Ne6 84. Qxg6+ Kxg6 85. Ke3 Kf5 86. Ng3+ 1-0

[Event "Helsinki  zt (Women)"]
[Site "Helsinki"]
[Date "1999.??.??"]
[Round "6"]
[White "Hansen, Evgenia"]
[Black "Berg, Susanne"]
[Result "1/2-1/2"]
[WhiteElo "2185"]
[BlackElo "2071"]
[PlyCount "21"]
[EventDate "1999.??.??"]
[EventType "tourn"]
[EventRounds "9"]
[EventCountry "FIN"]
[SourceTitle "EXT 2000"]
[Source "ChessBase"]
[SourceDate "1999.11.16"]
[SourceVersion "1"]
[SourceVersionDate "1999.11.16"]
[SourceQuality "1"]

1. g3 d5 2. Nf3 c5 3. c4 Nf6 4. Bg2 Nc6 5. cxd5 Nxd5 6. Nc3 Nxc3 7. bxc3 e5 8. Qc2 Be7 9. 0-0 0-0 10. d3 Be6 11. c4 1/2-1/2

[Event "Helsinki  zt (Women)"]
[Site "Helsinki"]
[Date "1999.??.??"]
[Round "1"]
[White "Koskela, Niina"]
[Black "Hansen, Evgenia"]
[Result "1-0"]
[WhiteElo "2213"]
[BlackElo "2185"]
[PlyCount "101"]
[EventDate "1999.??.??"]
[EventType "tourn"]
[EventRounds "9"]
[EventCountry "FIN"]
[SourceTitle "EXT 2000"]
[Source "ChessBase"]
[SourceDate "1999.11.16"]
[SourceVersion "1"]
[SourceVersionDate "1999.11.16"]
[SourceQuality "1"]

1. e4 c5 2. Nf3 Nc6 3. Nc3 Nf6 4. d4 cxd4 5. Nxd4 e5 6. Ndb5 d6 7. Bg5 a6 8. Na3 b5 9. Nd5 Be7 10. Bxf6 Bxf6 11. c3 0-0 12. Nc2 Bg5 13. a4 Rb8 14. axb5 axb5 15. Be2 g6 16. 0-0 Kh8 17. Qd3 f5 18. Bf3 Ne7 19. Ncb4 Bb7 20. Ra7 Bxd5 21. Nxd5 Nxd5 22. Qxd5 Qb6 23. Rd7 Rfd8 24. Rxd8+ Rxd8 25. Qf7 f4 26. g3 fxg3 27. hxg3 Qc6 28. Kg2 Qd7 29. Qd5 Qc7 30. Qxb5 Rb8 31. Qe2 Rb3 32. Rb1 Qb6 33. Qc2 Qb7 34. Bg4 Rb6 35. Be6 Qa7 36. Qd1 Qc7 37. Qd3 Rb8 38. b4 Rf8 39. Ra1 Qe7 40. Bd5 h5 41. Ra8 Rxa8 42. Bxa8 h4 43. Bd5 hxg3 44. fxg3 Qc7 45. Qb5 Bd2 46. c4 Kg7 47. Qa4 Be3 48. Qe8 Bd2 49. Qg8+ Kf6 50. Qf8+ Kg5 51. Qh8 1-0